Cross-Border Coordination of Prudential Supervision and Deposit Guarantees.

The scramble to expand deposit guarantees in Europe in response to recent financial turmoil confirms that the on-going integration of European financial markets requires closer coordination of prudential policies and financial safety nets. We study the optimal design of prudential supervision and de...

Ausführliche Beschreibung

Bibliographische Detailangaben
Körperschaft: International Monetary Fund
Format: Zeitschrift
Sprache:English
Veröffentlicht: Washington, D.C. : International Monetary Fund, 2008.
Schriftenreihe:IMF Working Papers; Working Paper ; No. 2008/283
Online Zugang:Full text available on IMF
LEADER 01651cas a2200241 a 4500
001 AALejournalIMF005498
008 230101c9999 xx r poo 0 0eng d
020 |c 5.00 USD 
020 |z 9781451871418 
022 |a 1018-5941 
040 |a BD-DhAAL  |c BD-DhAAL 
110 2 |a International Monetary Fund. 
245 1 0 |a Cross-Border Coordination of Prudential Supervision and Deposit Guarantees. 
264 1 |a Washington, D.C. :  |b International Monetary Fund,  |c 2008. 
300 |a 1 online resource (26 pages) 
490 1 |a IMF Working Papers 
500 |a <strong>Off-Campus Access:</strong> No User ID or Password Required 
500 |a <strong>On-Campus Access:</strong> No User ID or Password Required 
506 |a Electronic access restricted to authorized BRAC University faculty, staff and students 
520 3 |a The scramble to expand deposit guarantees in Europe in response to recent financial turmoil confirms that the on-going integration of European financial markets requires closer coordination of prudential policies and financial safety nets. We study the optimal design of prudential supervision and deposit guarantee regulations in a multi-country, integrated banking market such as the European Union, where policy-makers have either similar or asymmetric preferences regarding profitability and stability of the banking sector. The paper concludes with recommendations on policy priorities in this area. 
538 |a Mode of access: Internet 
830 0 |a IMF Working Papers; Working Paper ;  |v No. 2008/283 
856 4 0 |z Full text available on IMF  |u http://elibrary.imf.org/view/journals/001/2008/283/001.2008.issue-283-en.xml  |z IMF e-Library